[Event "San Cristobal de La Laguna op 4th"]
[Site "San Cristobal de La Laguna"]
[Date "2022.08.27"]
[Round "1"]
[White "Lopez Rodriguez, Guillermo"]
[Black "Sumets, Andrey"]
[Result "0-1"]
[WhiteElo "1584"]
[BlackElo "2547"]
[PlyCount "39"]
[EventDate "2022.08.27"]
[EventType "swiss"]
[EventRounds "9"]
[EventCountry "ESP"]
[SourceTitle "CBM 210 Extra"]
[Source "ChessBase"]
[SourceDate "2022.11.30"]
[SourceVersion "1"]
[SourceVersionDate "2022.11.30"]
[SourceQuality "1"]

1. e4 c5 2. d4 cxd4 3. c3 dxc3 4. Nxc3 Nc6 5. Nf3 e6 6. Be2 a6 7. 0-0 d6 8. Qb3 Nf6 9. Rd1 Qc7 10. Bf4 Be7 11. Rac1 0-0 12. a3 Re8 13. Nd5 exd5 14. exd5 Bf8 15. Bf1 Na5 16. Qd3 Qd7 17. b4 Qg4 18. Be3 Bf5 19. Qc3 Rac8 20. Qxc8 0-1

[Event "Collado Villalba 64 op 7th"]
[Site "Collado Villalba"]
[Date "2019.07.31"]
[Round "3"]
[White "Camarero Izquierdo, Juan Carlos"]
[Black "Lopez Rodriguez, Guillermo"]
[Result "1-0"]
[WhiteElo "1801"]
[BlackElo "1570"]
[PlyCount "99"]
[EventDate "2019.07.29"]
[EventType "swiss"]
[EventRounds "9"]
[EventCountry "ESP"]
[SourceTitle "CBM 195 Extra"]
[Source "ChessBase"]
[SourceDate "2020.05.31"]
[SourceVersion "1"]
[SourceVersionDate "2020.05.31"]
[SourceQuality "1"]

1. e4 e5 2. f4 Bc5 3. Nf3 d6 4. Bc4 Nf6 5. d3 Nc6 6. Nc3 h6 7. Na4 Na5 8. fxe5 Ng4 9. Nxc5 Nxc4 10. dxc4 dxc5 11. Qxd8+ Kxd8 12. h3 Re8 13. hxg4 Bxg4 14. Be3 b6 15. 0-0-0+ Ke7 16. Rd3 a5 17. Rhd1 a4 18. Rd5 Be6 19. R5d3 Kf8 20. b3 axb3 21. axb3 Bg4 22. Bf4 g5 23. Bh2 Be6 24. Kb2 Rab8 25. Kc3 Ra8 26. Kb2 Rab8 27. Nd2 b5 28. cxb5 Rxb5 29. c4 Rb4 30. Bg1 Kg7 31. Bxc5 Rb7 32. b4 Bg4 33. Nf3 Be6 34. Kc3 Ra8 35. b5 Ra4 36. Rd4 Ra2 37. R1d2 Ra1 38. Rd8 Kg6 39. Nd4 Bg4 40. Nc6 Be6 41. Rg8+ Kh5 42. Nd8 Rb8 43. Rf8 Rc1+ 44. Rc2 Rxc2+ 45. Kxc2 Bxc4 46. Kc3 Bxb5 47. Nxf7 Rxf8 48. Bxf8 Bf1 49. g3 Kg6 50. Bxh6 1-0

[Event "Tres Cantos op 10th"]
[Site "Tres Cantos"]
[Date "2018.06.21"]
[Round "1.31"]
[White "Bravo Plaza, Luis"]
[Black "Lopez Rodriguez, Guillermo"]
[Result "1-0"]
[WhiteElo "1924"]
[BlackElo "1470"]
[PlyCount "65"]
[EventDate "2018.06.21"]
[EventType "swiss"]
[EventRounds "9"]
[EventCountry "ESP"]
[SourceTitle "EXT 2024"]
[Source "ChessBase"]
[SourceDate "2023.10.10"]
[SourceVersion "1"]
[SourceVersionDate "2023.10.10"]
[SourceQuality "1"]

1. e4 e5 2. Nf3 Nc6 3. Bb5 a6 4. Ba4 Nf6 5. 0-0 Be7 6. d3 b5 7. Bb3 0-0 8. a4 b4 9. Nbd2 d6 10. Re1 Re8 11. Nf1 Bf8 12. Bg5 h6 13. Bh4 g5 14. Bg3 Bg4 15. c3 Rb8 16. Ne3 bxc3 17. bxc3 Ne7 18. Nxg4 Nxg4 19. h4 Ng6 20. hxg5 hxg5 21. Bc4 a5 22. Qd2 Nf4 23. d4 Qf6 24. Qd1 Qg6 25. Nd2 Qh5 26. Nf1 Rb2 27. Qf3 Reb8 28. Bxf4 Rxf2 29. Qh3 Rbb2 30. Qxh5 Rxg2+ 31. Kh1 Nf2+ 32. Kxg2 Nxe4+ 33. Kg1 1-0